| 000 | 00477nam a2200157 i 4500 | ||
|---|---|---|---|
| 001 | 92216 | ||
| 003 | ES-MaACL | ||
| 005 | 20230906180924.0 | ||
| 007 | t| | ||
| 008 | 050223s1962 sp ||||1| spa d | ||
| 245 | 0 | 0 |
_aLibro-Homenaje al Profesor Guillermo Núñez _b: cincuenta años de otorrinolaringología. |
| 260 |
_aMadrid : _b[Gráf. Orbe], _c1962. |
||
| 300 |
_a406 p. : _bil. ; _c25 cm. |
||
| 700 | 1 |
_aNúñez, Guillermo. _986153 |
|
| 852 |
_aES-MaACL _jC-22826 _bR.51422 |
||
| 999 |
_c92216 _d92216 |
||